Histoire de l'Autre (notice n° 1640766)
[ vue normale ]
| 000 -LEADER | |
|---|---|
| fixed length control field | 01003cam a2200169 4500500 |
| 005 - DATE AND TIME OF LATEST TRANSACTION | |
| control field | 20260201094433.0 |
| 041 ## - LANGUAGE CODE | |
| Language code of text/sound track or separate title | fre |
| 042 ## - AUTHENTICATION CODE | |
| Authentication code | dc |
| 100 10 - MAIN ENTRY--PERSONAL NAME | |
| Personal name | Adwan, Sami |
| Relator term | author |
| 245 00 - TITLE STATEMENT | |
| Title | Histoire de l'Autre |
| 260 ## - PUBLICATION, DISTRIBUTION, ETC. | |
| Date of publication, distribution, etc. | 2005.<br/> |
| 500 ## - GENERAL NOTE | |
| General note | 69 |
| 520 ## - SUMMARY, ETC. | |
| Summary, etc. | Resumé Sami Adwan, palestinien, enseigne l’éducation à l’Université de Bethléem. Dan Bar-On, israélien, enseigne la psychologie à l’Université Ben Gourion de Beer-Sheva. Ensemble, ils ont fondé et dirigent Prime, « Peace Research Institute of the Middle East ». Leur projet « Learning Each Other’s historical Narrative » porte sur l’enseignement de l’histoire du Proche-Orient aux élèves Israéliens et Palestiniens. Propos recueillis par Clémence Bosselut et Stephan Clauss, volontaires en Palestine. |
| 700 10 - ADDED ENTRY--PERSONAL NAME | |
| Personal name | Bar-On, Dan |
| Relator term | author |
| 786 0# - DATA SOURCE ENTRY | |
| Note | Revue Projet | 289 | 6 | 2005-06-01 | p. 4-12 | 0033-0884 |
| 856 41 - ELECTRONIC LOCATION AND ACCESS | |
| Uniform Resource Identifier | <a href="https://shs.cairn.info/revue-projet-2005-6-page-4?lang=fr&redirect-ssocas=7080">https://shs.cairn.info/revue-projet-2005-6-page-4?lang=fr&redirect-ssocas=7080</a> |
Pas d'exemplaire disponible.




Réseaux sociaux